| 000 | 00391nam a22001697a 4500 | ||
|---|---|---|---|
| 003 | MPLRDC | ||
| 005 | 20220104124104.0 | ||
| 008 | 210129b ||||| |||| 00| 0 eng d | ||
| 020 | _a983-99613-9-X | ||
| 082 | _a415.942 CZD | ||
| 100 | _a陈忠登 | ||
| 245 |
_a癫痫 _c |
||
| 260 |
_a _b雪兰莪中华大会堂 _c1990 |
||
| 300 | _b平 | ||
| 650 | _a癫痫 | ||
| 942 |
_cBK _o415.942 CZD |
||
| 999 |
_c16554 _d16544 |
||